Statistics for Top 100 Most Popular Rock Albums on Rate Your Music

Click here to take the quiz!

General Stats

  • This quiz has been taken 19 times
  • The average score is 12 of 100

Answer Stats

No. of RatingsYear of ReleaseSub-GenreAlbum% Correct
62,2521991Grunge / Alternative RockNevermind
83%
80,9691973Art Rock / Progressive RockThe Dark Side of the Moon
61%
36,0781969Hard Rock / Blues RockLed Zeppelin
50%
63,5671969Pop RockAbbey Road
44%
102,6311997Alternative Rock / Art RockOK Computer
44%
48,2341968Pop RockThe Beatles [White Album]
44%
49,3151979Rock Opera / Art RockThe Wall
44%
32,9101969Hard Rock / Blues RockLed Zeppelin II
39%
29,0451970Hard Rock / Folk RockLed Zeppelin III
39%
45,3071971Hard RockLed Zeppelin [IV]
39%
84,2762000Art Rock / ElectronicKid A
33%
29,0771991Heavy MetalMetallica
33%
29,3651988Thrash Metal...And Justice for All
28%
51,3821977Progressive Rock / Art RockAnimals
28%
33,9111970Heavy Metal / Hard RockBlack Sabbath
28%
29,4301983Thrash MetalKill 'Em All
28%
42,2501986Thrash MetalMaster of Puppets
28%
60,1891966Pop Rock / Psychedelic PopRevolver
28%
39,2961984Thrash MetalRide the Lightning
28%
46,0811965Pop RockRubber Soul
28%
58,7471967Psychedelic Pop / Pop RockSgt. Pepper's Lonely Hearts Club Band
28%
70,5431975Progressive Rock / Art RockWish You Were Here
28%
28,8191989GrungeBleach
22%
48,6281993Grunge / Noise RockIn Utero
22%
29,6121970Pop RockLet It Be
22%
50,6831970Heavy Metal / Hard RockParanoid
22%
55,6771972Glam Rock / Pop RockThe Rise and Fall of Ziggy Stardust and the Spiders From Mars
22%
75,8162007Art Rock / Alternative RockIn Rainbows
17%
31,2431992Rap MetalRage Against the Machine
17%
28,3201966Folk Rock / Singer-SongwriterBlonde on Blonde
11%
28,3511968Blues Rock / Psychedelic Rock / Acid RockElectric Ladyland
11%
64,8171969Progressive Rock / Art RockIn the Court of the Crimson King
11%
73,3751991Shoegaze / Noise PopLoveless
11%
33,2621971Heavy Metal / Traditional Doom MetalMaster of Reality
11%
37,5991971Progressive RockMeddle
11%
41,1501967Psychedelic RockThe Doors
11%
51,7801986Jangle Pop / Indie PopThe Queen Is Dead
11%
29,5491969Pop RockThe Velvet Underground
11%
61,3441967Art Rock / Experimental RockThe Velvet Underground & Nico
11%
30,6271967Blues Rock / Psychedelic Rock / Acid RockAre You Experienced
6%
35,7942016Art Rock★ [Blackstar]
6%
37,3701980Post-PunkCloser
6%
37,6452008Post-Punk / ShoegazeDeathconsciousness
6%
43,4831989Gothic Rock / Post-PunkDisintegration
6%
45,7101989Indie Rock / Alternative RockDoolittle
6%
45,9132004Indie Rock / Chamber PopFuneral
6%
33,9201965Folk Rock / Singer-SongwriterHighway 61 Revisited
6%
36,4651971Pop Rock / Glam Rock / Art RockHunky Dory
6%
46,3692001Garage Rock Revival / Indie RockIs This It
6%
37,1681979New Wave / Punk RockLondon Calling
6%
39,0231977Art RockLow
6%
33,2441996Alternative Rock / Power Pop / EmoPinkerton
6%
53,0451980New Wave / Post-PunkRemain In Light
6%
31,0511977Pop Rock / Soft RockRumours
6%
45,3941993Dream Pop / ShoegazeSouvlaki
6%
29,1741976Art Rock / Funk RockStation to Station
6%
30,7821988Indie Rock / Alternative RockSurfer Rosa
6%
28,1501971Krautrock / Psychedelic Rock / Experimental RockTago Mago
6%
66,4771995Alternative Rock / Post-BritpopThe Bends
6%
36,4151967Psychedelic Rock / Psychedelic PopThe Piper at the Gates of Dawn
6%
28,5941984Jangle Pop / Indie PopThe Smiths
6%
32,4052001Alternative MetalToxicity
6%
54,2201979Post-PunkUnknown Pleasures
6%
41,6151994Power Pop / Alternative RockWeezer [Blue Album]
6%
28,9272006Indie Rock / Garage Rock RevivalWhatever People Say I Am, That's What I'm Not
6%
34,4781999Post-RockÁgætis byrjun
0%
30,6511999Midwest EmoAmerican Football
0%
51,8262001Art Rock / Experimental RockAmnesiac
0%
43,9252016Art Pop / Art Rock / Chamber PopA Moon Shaped Pool
0%
40,5372022Art Rock / Post-Rock / Chamber PopAnts From Up There
0%
30,6931972Symphonic Prog / Progressive RockClose to the Edge
0%
36,2671988Noise Rock / Alternative RockDaydream Nation
0%
39,2822005Art Pop / Alternative Rock / Trip HopDemon Days
0%
36,7621997Post-RockF♯A♯∞
0%
29,9442021Post-Rock / Experimental Rock / Post-PunkFor the First Time
0%
32,9191994Singer-Songwriter / Alternative RockGrace
0%
45,6892003Art Rock / Alternative RockHail to the Thief
0%
38,2901990Dream PopHeaven or Las Vegas
0%
29,8051977Art Rock"Heroes"
0%
66,4001998Indie Folk / Indie RockIn the Aeroplane Over the Sea
0%
29,4202001Alternative Metal / Progressive MetalLateralus
0%
48,8842000Post-RockLift Yr. Skinny Fists Like Antennas to Heaven!
0%
36,6361996Neo-Psychedelia / Dream Pop / Progressive PopLong Season
0%
34,9461977Art Punk / Art Rock / Post-PunkMarquee Moon
0%
38,5391993Alternative RockPablo Honey
0%
29,7221982Gothic Rock / Post-PunkPornography
0%
33,6071974Progressive Rock / Art RockRed
0%
31,2831993Alternative RockSiamese Dream
0%
31,5172002Stoner Rock / Alternative RockSongs for the Deaf
0%
47,8951991Post-Rock / Post-Hardcore / Math RockSpiderland
0%
34,0531994Industrial RockThe Downward Spiral
0%
37,8712001Indie Folk / Psychedelic Folk / Slacker RockThe Glow Pt. 2
0%
32,9022011Electronic / Experimental Rock / Neo-PsychedeliaThe King of Limbs
0%
28,8622014Experimental Rock / Post-RockTo Be Kind
0%
35,8042002Post-Punk RevivalTurn on the Bright Lights
0%
30,1672018Indie RockTwin Fantasy
0%
28,2232003Glitch Pop / IDM / ShoegazeVelocity : Design : Comfort
0%
31,0431968Experimental Rock / Noise Rock / Proto-PunkWhite Light / White Heat
0%
28,8742000Alternative MetalWhite Pony
0%
28,1672002Indie Rock / Art RockYankee Hotel Foxtrot
0%

Score Distribution

Percentile by Number Answered

Percent of People with Each Score

Your Score History

You have not taken this quiz